| 000 | 00371nam a2200133 i 4500 | ||
|---|---|---|---|
| 001 | bg | ||
| 100 | 1 | _aWIECZYSTY, Artur | |
| 245 | 0 |
_aNiektóre problemy przepuszczalności i zasobów wodnychporowatych warstw wodnonośnych / _cArtur Wieczysty. |
|
| 260 |
_aKraków, _c1966. |
||
| 040 | _cBPK | ||
| 041 | _apol | ||
| 942 | _cKS | ||
| 008 | s pl f |000 0 pol | ||
| 999 |
_c16611 _d16611 |
||
| 856 |
_uhttp://koha.tu.koszalin.pl/cgi-bin/koha/opac-detail.pl?biblionumber=16611 _yKatalog online BPK |
||